[Event "HUN-chT2 Barcza 1718"]
[Site "Hungary"]
[Date "2018.01.28"]
[Round "7.12"]
[White "Kocsar, Istvan"]
[Black "Bodnar, Roland Gabor"]
[Result "0-1"]
[WhiteElo "1389"]
[BlackElo "1497"]
[PlyCount "60"]
[EventDate "2017.09.24"]
[EventType "team-tourn"]
[EventRounds "11"]
[EventCountry "HUN"]
[SourceTitle "EXT 2021"]
[Source "ChessBase"]
[SourceDate "2020.10.23"]
[SourceVersion "1"]
[SourceVersionDate "2020.10.23"]
[SourceQuality "1"]
[WhiteTeam "Hajduszoboszlo"]
[BlackTeam "Debrecen Sakkiskola II"]
[WhiteTeamCountry "HUN"]
[BlackTeamCountry "HUN"]

1. e4 c5 2. Nf3 Nc6 3. Be2 g6 4. d3 Bg7 5. Nc3 d6 6. h3 e5 7. Nh2 Nge7 8. f3 Bd7 9. Be3 Nd4 10. 0-0 0-0 11. Rf2 Be6 12. Bf1 a6 13. g4 b5 14. Ne2 Nec6 15. Ng3 b4 16. c3 Nb5 17. a4 Nc7 18. c4 Nd4 19. Rb1 a5 20. b3 Na6 21. f4 Bd7 22. f5 Nc7 23. Qd2 Qe7 24. g5 f6 25. Ng4 Ne8 26. fxg6 hxg6 27. gxf6 Nxf6 28. Bg5 Nxg4 29. Bxe7 Rxf2 30. Qg5 Nf3+ 0-1